|
|
|
|
| LEADER |
00000nam a2200000Ii 4500 |
| 001 |
DIGAUHUM0118 |
| 003 |
NyNyDIG |
| 006 |
m o d |
| 007 |
cr ||||||||||| |
| 008 |
260205s2025 ck a o 000 0 spa d |
| 035 |
|
|
|a (OCoLC)1573181928
|
| 040 |
|
|
|a DGITA
|b eng
|e rda
|e pn
|c DGITA
|
| 020 |
|
|
|a 9786287777835
|q (versión digital)
|
| 020 |
|
|
|z 9786287777828
|q (versión impresa)
|
| 043 |
|
|
|a s-ck---
|
| 050 |
1 |
4 |
|a QE535 ebook
|
| 100 |
1 |
|
|a Solís Peralta, Genith Mercedes,
|e author.
|
| 245 |
1 |
0 |
|a Escribiendo ante el olvido :
|b memorias del terremoto /
|c Genith Mercedes Solís Peralta.
|
| 246 |
3 |
0 |
|a Memorias del terremoto
|
| 250 |
|
|
|a Primera edición.
|
| 264 |
|
1 |
|a Bogotá, Colombia :
|b Editorial Aula de Humanidades,
|c 2025.
|
| 300 |
|
|
|a 1 online resource :
|b illustrations.
|
| 336 |
|
|
|a text
|b txt
|2 rdacontent
|
| 337 |
|
|
|a computer
|b c
|2 rdamedia
|
| 338 |
|
|
|a online resource
|b cr
|2 rdacarrier
|
| 347 |
|
|
|a text file
|2 rdaft
|
| 347 |
|
|
|b PDF
|
| 490 |
1 |
|
|a Colección: Literatura. Serie: Crónica
|
| 588 |
0 |
|
|a Online resource; title from PDF title page (Digitalia, viewed February 5, 2026)
|
| 650 |
|
0 |
|a Earthquakes
|z Colombia
|z Tumaco
|y 20th century
|v Juvenile literature.
|
| 651 |
|
0 |
|a Tumaco (Colombia)
|x Social aspects
|v Juvenile literature.
|
| 791 |
2 |
|
|a Digitalia (Firm),
|e distributor.
|
| 793 |
0 |
|
|g Digitalia eBook Collection:
|a Editorial Aula de Humanidades
|
| 776 |
0 |
8 |
|i Print version:
|a Solís Peralta, Genith Mercedes.
|t Escribiendo ante el olvido.
|b Primera edición.
|d Bogotá, Colombia : Editorial Aula de Humanidades, 2025
|z 9786287777828
|
| 830 |
|
0 |
|a Colección Literatura (Editorial Aula de Humanidades).
|p Serie Crónica.
|
| 856 |
4 |
0 |
|3 Digitalia Hispánica
|u https://www.digitaliapublishing.com/a/183718/
|
| 910 |
|
|
|a Premium collection: 2026
|